000 00648nam a22001937a 4500
999 _c12337
_d12337
003 AR-CdUCM
008 190408b ||||| |||| 00| 0 spa d
040 _aMUNICIPALIDAD PROVINCIAL DEL CUSCO
_cBIBLIOTECA MUNICIPAL DEL CUSCO
082 _24ed.
_aES / 030 /
_bR91
100 _aRubio, Ana M.
_930150
245 _aEnciclopedia de las Aficiones :
_bManualidades Femeninas /
260 _aMadrid :
_bSantillana ;
_c1966.
300 _a83 páginas ;
_bIlustraciones
_c21cm
505 _aContenido: Arte -- Habilidades manuales
650 _aHabilidades
_928008
650 _aPasatiempos
_930145
942 _2ddc
_cLIBROS
945 _anom
_d2019-04-08